000 00344nam a2200133Ia 4500
008 240624s9999 xx 000 0 und d
041 _aeng
082 _a005.54 ALE
100 _aALEXANDER MICHAEL
245 _aMICROSOFT BUSINESS INTELLIGENCE TOOLS FO
260 _c2014
_aNew Delhi
_bWiley
300 _a362 : p. : cm. ; 28
365 _cRS
_b33
999 _c26510
_d26510